000 00451cam a2200169ua 4500
020 _c5.00
041 _amal
_h
082 _a615.532
_bRAM/HO
100 _aRamakrishna Menon, C .
245 _aHomeopathy oushadharatna prakasika, Part 3 /
_cC Ramakrishna Menon.
_hTextual Documents
260 _aEranakulam :
_bHomeopathic study centre ,
_c1966.
300 _a275 ; .
365 _a5.00
504 _a
942 _cBK
999 _c6171
_d6171